1842 1830 1037 1342 1367 1942 1431 1624 1431 1112 1900 1221 1755 1128 1299 1690 1322 1193 1729 1393 1277 1036 1879 1608 1223 1672 1253 1961 1722 1003 1666 1161 1211 1347 1891 1036 1075 1877 1733 1264 1204 1078 1830 1465 1128 1572 1161 1782 1088 1313 1870 1146 1422 1900 1507 1111 1101 1169 1229 1482 1103 1151 1788 1638 1062 1855 1300 1877 1023 1877 1942 1242 1178 1973 1046 1764 1510 1414 1849 1174 1002 1842 1029 1024 1496 1584 1890 1479 1238 1474 1908 1434 1153 1715 1900 1913 1918 1204 1473 BCNSPRNW ULIB Ver.6.0+V

เปลี่ยนเป็นภาษาไทย

Change to English
 แสดงรายละเอียดบรรณานุกรม
  กลับหน้าหลัก

Brief Record : Get Marc (ISO 2709) : E-mail record : QR code < ปิดหน้าต่าง
LEADER : 00000nam 2200000uu 4500
001    13399121347
003     ULIB
008    020711s2551 th a 000 0 tha d
020    9789749935361
090    นว.^bพ611ข
100    พิณพระจันทร์
245    ขอความใฝ่ฝันคงมั่นนิรันดร์/^cพิณพระจันทร์
250    พิมพ์ครั้งที่ 1
260    กรุงเทพฯ :^bอรุณ,^c2551
945    ^p239^l0^i16166
999    ^aทศพร เกษรทอง
รายการนี้ยังไม่มีแท็ก
คุณยังไม่ได้ล็อกอิน คุณสามารถมีกิจกรรมร่วมกับเว็บไซต์ได้ แต่ต้องล็อกอินก่อน ::
  ล็อกอิน

รายการสื่อสารสนเทศ

ลำดับที่ ประเภท เลขเรียก/บาร์โค้ด สถานที่ สถานะ
1. วิทยาศาสตร์การแพทย์ และสุขภาพ
วิทยาศาสตร์การแพทย์ และสุขภาพ
นว. พ611ข  
  Barcode: 16166
ห้องสมุดวิทยาเขตสวรรค์ประชารักษ์
►นวนิยาย
บนชั้น
  ขอยืม

BibComment


ยังไม่เคยถูกคอมเมนท์

คอมเมนท์ทรัพยากรรายการนี้
  คอมเมนท์: ขอความใฝ่ฝันคงมั่..


 Copyright 2026. Bcnsprnw @Library